000 00793cas a22002295a 4500
001 L138379
008 070601d19791993xxkmr p 0 a0eng u
035 _a(Sirsi) u138379
041 0 _aeng
110 2 _aRoyal Institution of Chartered Surveyors
_94900
245 0 0 _aChartered Quantity Surveyor
260 _aLondon
_bRICS
_c1979-1993
362 0 _aLondon: 1(1) January 1979-16(3) November 1993
362 0 _aLondon: 1(1) January 1979-11(11) July 1989; 16(1)-(3) September-November 1993
362 0 _a2(1/2) August/September 1979-9(8) March 1987; 16(1)-(3) September-November 1993 (incomplete holdings)
362 0 _aEdinburgh: 1(2) February 1979-1993
554 _a12 per year
651 4 _aUNITED KINGDOM
690 _aABOUT RICS
785 0 0 _tBuilding Economist
942 _n0
999 _c118981
_d118981